| 000 | 00528nam a22001937a 4500 | ||
|---|---|---|---|
| 001 | TVUNI | ||
| 005 | 20260126014631.0 | ||
| 008 | 221102s2015 vm vie d | ||
| 020 | _c99000 | ||
| 040 |
_aTVUNI _eAACR2 |
||
| 041 | 0 | _avie | |
| 100 | 1 | _aĐoàn, Thị Thu Hà | |
| 245 | 1 | 0 |
_aGiáo trình quản trị học / _cĐoàn Thị Thu Hà |
| 250 | _aTái bản, có sửa chữa bổ sung | ||
| 260 |
_aHà Nội : _bTài Chính, _c2015 |
||
| 300 |
_a355 tr. ; _c21 cm. |
||
| 942 |
_2ddc _cBK |
||
| 999 |
_c1934 _d1934 |
||
| 912 |
_a1 _bHiển Phạm |
||